00487pam a2200193 a 4500001000800000005001700008008004100025010001700066020001500083040001800098041000800116043001200124080001500136082002300151100000700174101000800181245003800189504006600227201311720180129084641.0910326s1992 njua b 001 0 eng  a 91003419  a0130196215 aDLCcDLCdDLC aeng an-us--- a305.26097300a305.260973 CON2201 a19 aSHP10aAging America :cKaren A. Conner. aIncludes bibliographical references (p. 211-223) and indexes.